Comically Obvious Brand Knock-offs Quiz Stats

 Plays Quiz Updated Aug 4, 2015

Challenge
Share
Tweet
Score 0/22 Timer 05:00
5 Plays Today
% Correct
KitKat
96.9%
Adidas
96.7%
McDonald's
96.4%
Microsoft Windows
96.1%
Omega
95.5%
Calvin Klein
95.5%
Sony
95.3%
Mountain Dew
95.1%
Olay
95%
Ralph Lauren
94%
Coca Cola
93.8%
% Correct
Toy Story 3
93.2%
Transformers
92.9%
Burger King
92.4%
Teenage Mutant Ninja Turtles
91.6%
Crest
90.8%
My Little Pony
88.6%
Build-a-Bear Workshop
86.2%
Arm & Hammer
81.3%
I Can't Believe It's Not Butter!
79%
Barbie
78.7%
Dolce & Gabbana
65.2%

You're not logged in!

Compare scores with friends on all Sporcle quizzes.
OR
Log In

You Might Also Like...

Show Comments

Extras

Top Quizzes Today


Score Distribution

Your Account Isn't Verified!

In order to create a playlist on Sporcle, you need to verify the email address you used during registration. Go to your Sporcle Settings to finish the process.

Report this User

Report this user for behavior that violates our Community Guidelines.

Details: